| 000 | 00575nam a2200145 a 4500 | ||
|---|---|---|---|
| 008 | 100628s2003 xx |||||||||||||| || u | ||
| 050 | _aUN-ECA(02) | ||
| 110 | _aUnited Nations Economic Commission For Africa(UNECA) | ||
| 245 | 1 | 0 | _aReport on the implementation of the Yamoussoukro declaration |
| 260 |
_a _bUNECA _c2003 |
||
| 300 | _ai, 18p. | ||
| 350 | _a0.00 | ||
| 650 | _aAERONAUTICS, COMMERCIAL--AFRICA | ||
| 995 |
_D0.00 _FCBU-MAIN LIBRARY (Kitwe) _H1 _I0.00 _M1 _UAVAILABLE _WJul 1, 2010 _ZInternational Publications |
||
| 999 |
_c56215 _d56215 |
||